連邦制をとる国 - Statistics

General Stats
  • This quiz has been taken 205 times
  • The average score is 13 of 29
Answer Stats
連邦制国家 % Correct
ロシア連邦
99%
アメリカ合衆国
88%
ドイツ連邦共和国
79%
オーストラリア連邦
77%
ブラジル連邦共和国
77%
カナダ
74%
メキシコ合衆国
72%
インド共和国
70%
アルゼンチン共和国
60%
アラブ首長国連邦
57%
ミクロネシア連邦
47%
マレーシア
46%
スイス連邦
45%
パキスタン・イスラム共和国
43%
オーストリア共和国
42%
エチオピア連邦民主共和国
41%
ナイジェリア連邦共和国
38%
ミャンマー連邦共和国
34%
ソマリア連邦共和国
32%
タンザニア連合共和国
31%
ベネズエラ・ボリバル共和国
30%
イラク共和国
28%
ベルギー王国
27%
コモロ連合
20%
スーダン共和国
20%
ネパール
20%
南スーダン共和国
19%
ボスニア・ヘルツェゴビナ
18%
セントクリストファー・ネイビス連邦
13%
No matching quizzes found
Score Distribution
Percent of People with Each Score
Percentile by Number Answered
Your Score History
You have not taken this quiz